banner koha

Estrutura e objetivos da Universidade Rural do Rio de Janeiro / (Registro n. 18522)

MARC details
000 -LÍDER
Campo de controle fixo 00693nam a22002537a 4500
001 - NÚMERO DE CONTROLE
Número de controle BR7326335
003 - CÓDIGO MARC DA AGÊNCIA CATALOGADORA
Campo de controle BR-BrBNA
005 - DATA E HORA DA ÚLTIMA ATUALIZAÇÃO
Campo de controle 20240920114430.0
008 - CAMPO DE TAMANHO FIXO
Campo fixo de controle 230509b bl.||||| |||| 00| 0 por d
040 ## - FONTE DA CATALOGAÇÃO
Agência catalogadora BR-BrBNA
Idioma da catalogação por
041 ## - CÓDIGO DO IDIOMA
Código do Idioma (Por)
072 ## - CATEGORIA AGRIS
Código da categoria de assunto/objeto <a href="C00">C00</a>
Código do objeto /G514
090 ## - NÚMERO DE CHAMADA
Localização na estante C00
Código BR BR7326335
100 1# - ENTRADA PRINCIPAL - NOME PESSOAL
Nome pessoal Rocha, A.
110 1# - ENTRADA PRINCIPAL - ENTIDADE
Nome da entidade ou lugar Universidade Rural, Itaguai, RJ (Brasil)
9 (RLIN) 11296
245 1# - TÍTULO PRINCIPAL
Título principal Estrutura e objetivos da Universidade Rural do Rio de Janeiro /
260 3# - IMPRENTA (PUBLICAÇÃO, DISTRIBUIÇÃO, ETC.)
Lugar de publicação, distribuição, etc. Itaguai, RJ (Brasil):
Data de publicação, distribuição, etc 1962.
300 ## - DESCRIÇÃO FÍSICA
Extensão 10 p.
650 ## - ASSUNTO - THESAGRO
Cabeçalho tópico ou nome geográfico ENSINO AGRICOLA
650 ## - ASSUNTO - THESAGRO
Cabeçalho tópico ou nome geográfico RIO DE JANEIRO
909 ## - IDENTIFICAÇÃO DO CATALOGADOR
Ano e mês da catalogação (aaaamm) 09/2024
Identificação do catalogador SARAH
942 ## - TIPO ESPECÍFICO
Tipo de material Livros
952 ## - LOCATION AND ITEM INFORMATION (KOHA)
-- 2023-09-25
-- 2023-09-25
-- Portaria Interministerial nº 164/94
Exemplares
Status de empréstimo Fonte de classificação Status de danificação Não pode ser emprestado Código da coleção Localização permanente Localização atual Localização na estante Total Checkouts Número de chamada Código de barras Número de exemplar Tipo de material Perdido
  Classificação AGRIS     Agrobase Biblioteca Nacional de Agricultura - Binagri Biblioteca Nacional de Agricultura - Binagri Agrobase - Acervo Geral   C00 BR7326335 2024-4979 01 Livros  

BINAGRI

Telefone: (61)3218-2567/2388/3357/2097 - binagri@agro.gov.br

Ministério da Agricultura e Pecuária , Esplanada dos Ministérios, Bloco D, Anexo B, Brasília/DF, CEP: 70.043-900